[Event "GCT 2024 - Superbet Chess Classic"]
[Site "Bucarest"]
[Date "30.06.2024"]
[Round "5"]
[White "Vachier Lagrave, Maxime"]
[Black "Caruana, Fabiano"]
[Result "1/2-1/2"]
[WhiteElo "2732"]
[BlackElo "2805"]
[EventDate "2024.06.25"]

1. e4 e5 2. Nf3 Nc6 3. Bb5 a6 4. Ba4 Nf6 5. O-O Nxe4 6. d4 Be7 7. Re1 b5 8.
Rxe4 d5 9. Nxe5 Nxe5 10. Rxe5 bxa4 11. Qe2 Be6 12. f4 g6 13. Nc3 a3 14. b3
Bb4 15. Na4 O-O 16. c3 Bd6 17. Nc5 Bf5 18. Bxa3 Qh4 19. Rf1 c6 20. Qe1 Qxe1
21. Rexe1 Rfe8 22. Bc1 Bxc5 23. dxc5 Bd3 24. Rxe8+ Rxe8 25. Rd1 Bc2 26. Rf1
Bd3 27. Rd1 Bc2 28. Rf1 Bd3 1/2-1/2

[Event "GCT 2024 - Superbet Chess Classic"]
[Site "Bucarest"]
[Date "30.06.2024"]
[Round "5"]
[White "Gukesh, Dommaraju"]
[Black "Abdusattorov, Nodirbek"]
[Result "1/2-1/2"]
[WhiteElo "2763"]
[BlackElo "2766"]
[EventDate "2024.06.25"]

1. d4 d5 2. Nf3 Nf6 3. g3 c6 4. Bg2 Bf5 5. Nh4 Be6 6. O-O g6 7. Nd2 Bg7 8.
c3 O-O 9. Re1 a5 10. a4 Nbd7 11. e4 dxe4 12. Nxe4 Bd5 13. Nxf6+ Nxf6 14.
Bf1 Qd7 15. Ng2 Be6 16. Nf4 Bf5 17. Nd3 Nd5 18. Qf3 Qc7 19. h4 h5 20. Ne5
e6 21. Qe2 c5 22. dxc5 Rad8 23. Nc4 Bg4 24. Qc2 Qxc5 25. Qb3 b6 26. Bg2 Bf5
27. Bg5 Rb8 28. Ne3 Nxe3 29. Bxe3 Qc7 30. Qb5 e5 31. Red1 Kh7 32. Qc6 Qxc6
33. Bxc6 Bh6 34. Bxh6 Kxh6 35. Rd6 Rfd8 36. Rad1 Rxd6 37. Rxd6 Kg7 38. Bb5
Be6 39. Kf1 Kf8 40. Ke2 Ke7 41. Rc6 Rb7 42. Ba6 Ra7 43. Bb5 Rb7 44. Ba6 Ra7
45. Bc8 Bxc8 46. Rxc8 Rb7 47. Kd3 Rd7+ 48. Ke2 Rd6 49. Rc7+ Ke6 50. b4 axb4
51. cxb4 b5 52. axb5 Rd4 53. b6 Rxb4 54. b7 f6 55. Kd3 g5 56. hxg5 fxg5 57.
Rh7 h4 58. gxh4 gxh4 59. Rxh4 Rxb7 60. f4 Rb3+ 61. Ke2 exf4 62. Rxf4 Rb5
63. Re4+ Re5 64. Rxe5+ Kxe5 1/2-1/2

[Event "GCT 2024 - Superbet Chess Classic"]
[Site "Bucarest"]
[Date "30.06.2024"]
[Round "5"]
[White "So, Wesley"]
[Black "Praggnanandhaa, Rameshbabu"]
[Result "1/2-1/2"]
[WhiteElo "2757"]
[BlackElo "2747"]
[EventDate "2024.06.25"]

1. d4 Nf6 2. c4 g6 3. g3 Bg7 4. Bg2 O-O 5. Nc3 d6 6. Nf3 a5 7. O-O Bf5 8.
Nh4 Bc8 9. b3 Nbd7 10. Ba3 e5 11. dxe5 Nxe5 12. Qc2 Nc6 13. Rad1 Bd7 14. h3
Re8 15. Kh2 Nb4 16. Qd2 Bc6 17. Bb2 Na6 18. Nd5 Nc5 19. Qc2 Nxd5 20. cxd5
Bb5 21. Rfe1 Bxb2 22. Qxb2 a4 23. Nf3 axb3 24. axb3 Ne4 25. e3 Bd7 26. Qc2
c5 27. dxc6 bxc6 28. Nd4 Qe7 29. f3 Nc5 30. e4 Reb8 31. f4 Rb4 32. Re3 Rab8
33. e5 d5 34. Rc3 Ne6 35. Nxc6 Bxc6 36. Rxc6 Rxb3 37. Rc8+ Rxc8 38. Qxc8+
Kg7 39. Rxd5 Qb4 40. Qc1 Rb2 41. Rd3 Re2 42. Re3 Nxf4 43. Rxe2 Nxe2 44. Qf1
Nd4 45. Qf6+ Kg8 46. Qd8+ Kg7 47. Qf6+ Kg8 48. Qd8+ Kg7 49. Qf6+ 1/2-1/2

[Event "GCT 2024 - Superbet Chess Classic"]
[Site "Bucarest"]
[Date "30.06.2024"]
[Round "5"]
[White "Giri, Anish"]
[Black "Firouzja, Alireza"]
[Result "1/2-1/2"]
[WhiteElo "2745"]
[BlackElo "2737"]
[EventDate "2024.06.25"]

1. d4 Nf6 2. c4 e6 3. Nf3 d5 4. Nc3 c6 5. e3 Nbd7 6. Qc2 Bd6 7. b3 O-O 8.
Be2 b6 9. O-O Bb7 10. Bb2 Qe7 11. Rad1 Rad8 12. Rfe1 Rfe8 13. Bf1 e5 14.
dxe5 Nxe5 15. Nd4 dxc4 16. Nf5 Qe6 17. Nxd6 Rxd6 18. Rxd6 Qxd6 19. Rd1 cxb3
20. axb3 Qe7 21. Ne4 Nxe4 22. Qxe4 f6 23. Bxe5 Qxe5 24. Qxe5 fxe5 25. Rd7
Rb8 26. Bc4+ Kh8 27. b4 a5 28. bxa5 bxa5 29. Re7 a4 30. Rxe5 a3 31. Ba2 g6
32. h4 Rd8 33. Re7 Rd1+ 34. Kh2 Rd2 35. Bb3 a2 36. Bxa2 Rxa2 37. Rxb7 Rxf2
38. Kg3 Rf6 39. e4 Kg8 40. Rc7 h5 41. e5 Rf5 42. Rxc6 Kf7 43. Rc7+ Kf8 44.
Rc5 Kf7 45. Kh3 Ke6 46. Rc6+ Kf7 47. Rc7+ Kf8 48. Rc5 Kf7 49. g3 Ke6 50.
Rc6+ Kf7 51. Rc7+ Kf8 52. Rc5 Kf7 53. Rc7+ Kf8 54. e6 Re5 55. Rf7+ Kg8 56.
Re7 Kf8 57. Rf7+ Kg8 58. Re7 Kf8 59. Rf7+ Kg8 60. Re7 Kf8 1/2-1/2

[Event "GCT 2024 - Superbet Chess Classic"]
[Site "Bucarest"]
[Date "30.06.2024"]
[Round "5"]
[White "Deac, Bogdan-Daniel"]
[Black "Nepomniachtchi, Ian"]
[Result "1/2-1/2"]
[WhiteElo "2680"]
[BlackElo "2770"]
[EventDate "2024.06.25"]

1. Nf3 d5 2. g3 Nf6 3. Bg2 e6 4. O-O Be7 5. c4 O-O 6. d4 dxc4 7. Qc2 a6 8.
a4 Bd7 9. Qxc4 Bc6 10. Bg5 Nbd7 11. Rd1 h6 12. Bxf6 Nxf6 13. Nbd2 Qd6 14.
Ne5 Bxg2 15. Kxg2 Rac8 16. Ndf3 c5 17. dxc5 Qxc5 18. Qxc5 Bxc5 19. Nd7 Rfd8
20. Nxc5 Rxd1 21. Rxd1 Rxc5 22. Rd8+ Kh7 23. Rf8 Rc2 24. Rxf7 Rxe2 25. Rxb7
Ne4 26. Nd4 Rxf2+ 27. Kg1 e5 28. Ne6 Kg6 29. Rb6 Rd2 30. Rxa6 Kf5 31. Nxg7+
Kg4 32. Rb6 Ng5 33. Kf1 Rxh2 34. a5 e4 35. Ne6 Nf3 36. Nf4 e3 37. Ng2 Kxg3
38. Rg6+ Ng5 39. Nxe3 Kf3 40. Kg1 Rxb2 41. Nd1 Rb1 42. Rd6 Ra1 43. a6 h5
44. Rd5 Kf4 45. Kg2 Ra2+ 46. Kf1 h4 47. Nf2 Nf3 48. Rd8 Ra1+ 49. Rd1 Rxa6
50. Rc1 Rg6 51. Rc4+ Kg3 52. Ne4+ Kh2 53. Rc2+ Kh3 54. Rc3 Kg4 55. Kf2 Rb6
56. Rc4 Ne5 57. Ra4 Rb2+ 58. Ke3 Rb3+ 59. Ke2 Rb2+ 60. Ke3 h3 61. Nf2+ Kg3
62. Nxh3 Kxh3 63. Ke4 Nd7 64. Rd4 Nf6+ 65. Kf5 Ng4 66. Rd3+ Kh4 67. Rd4
Rb5+ 68. Kf4 Kh5 69. Ra4 Nf6 70. Rc4 Kg6 71. Rc6 Rb4+ 72. Ke3 Kf5 73. Rc5+
Ke6 74. Kd3 Nd7 75. Rc8 Ne5+ 76. Ke3 Nc4+ 77. Kd3 Kd5 78. Kc3 Rb1 79. Rd8+
Nd6 80. Rd7 Rh1 81. Rd8 Kc5 82. Kc2 Rh3 83. Kd2 Ne4+ 84. Ke2 Kc4 85. Rc8+
Nc5 86. Kd2 Rh7 87. Ke2 Kd4 88. Rd8+ Nd7 89. Kf2 Ke4 90. Ra8 Rh2+ 91. Kg3
Rc2 92. Ra4+ Kf5 93. Rf4+ Ke5 94. Rh4 Nf6 95. Kf3 Rc3+ 96. Ke2 Ra3 97. Rb4
Nd5 98. Rb8 Nc3+ 99. Kf2 Kd4 100. Rd8+ Nd5 101. Rd6 Ke4 102. Re6+ Kf4 103.
Re8 Ra2+ 104. Re2 Ra8 105. Re6 Rd8 106. Rh6 Ne3 107. Ke2 Nf5 108. Rf6 Rd6
109. Rxd6 Nxd6 1/2-1/2

[Event "GCT 2024 - Superbet Chess Classic"]
[Site "Bucarest"]
[Date "02.07.2024"]
[Round "6"]
[White "Firouzja, Alireza"]
[Black "So, Wesley"]
[Result "1-0"]
[WhiteElo "2737"]
[BlackElo "2757"]
[EventDate "2024.06.25"]

1. d4 Nf6 2. c4 e6 3. Nc3 Bb4 4. a3 Bxc3+ 5. bxc3 b6 6. f3 Nc6 7. e4 Na5 8.
c5 bxc5 9. Rb1 cxd4 10. cxd4 c5 11. dxc5 O-O 12. Bf4 Nb7 13. Qd4 Re8 14.
Ne2 Qa5+ 15. Nc3 a6 16. Be3 Qxa3 17. e5 Nd5 18. Nxd5 exd5 19. Kf2 Nd8 20.
Qxd5 Bb7 21. Rxb7 Nxb7 22. Qxb7 Rab8 23. Qd5 Qb2+ 24. Be2 Rxe5 25. Qd4 a5
26. Rb1 Qxb1 27. Qxe5 Kh8 28. Bd4 f6 29. Qd6 Qb7 30. Bxf6 Re8 31. Bc3 1-0

[Event "GCT 2024 - Superbet Chess Classic"]
[Site "Bucarest"]
[Date "02.07.2024"]
[Round "6"]
[White "Praggnanandhaa, Rameshbabu"]
[Black "Deac, Bogdan-Daniel"]
[Result "1/2-1/2"]
[WhiteElo "2747"]
[BlackElo "2680"]
[EventDate "2024.06.25"]

1. d4 Nf6 2. c4 e6 3. Nc3 Bb4 4. e3 b6 5. Nge2 Ne4 6. Bd2 Nxd2 7. Qxd2 Bb7
8. a3 Be7 9. d5 a5 10. Nf4 e5 11. Nd3 d6 12. Be2 Nd7 13. O-O Ba6 14. Nc1
Bc8 15. Bd1 Nc5 16. Nd3 O-O 17. e4 Bg5 18. Qe2 g6 19. Rb1 f5 20. Nxc5 bxc5
21. b4 cxb4 22. axb4 fxe4 23. Nxe4 axb4 24. Rxb4 Bf5 25. Rb2 Bc1 26. Rb1
Bxe4 27. Qxe4 Ba3 28. g3 Bc5 29. Rb2 Ra1 30. Bf3 Qa8 31. Rc2 Kg7 32. Rxa1
Qxa1+ 33. Kg2 h5 34. Re2 Qc3 35. Rc2 Qa1 36. Re2 Qc3 37. Rc2 Qb3 38. Rd2
Qc3 39. Rc2 1/2-1/2

[Event "GCT 2024 - Superbet Chess Classic"]
[Site "Bucarest"]
[Date "02.07.2024"]
[Round "6"]
[White "Vachier Lagrave, Maxime"]
[Black "Gukesh, Dommaraju"]
[Result "1/2-1/2"]
[WhiteElo "2732"]
[BlackElo "2763"]
[EventDate "2024.06.25"]

1. e4 e5 2. Nf3 Nc6 3. Bb5 a6 4. Ba4 Nf6 5. O-O Be7 6. Re1 b5 7. Bb3 O-O 8.
c3 d5 9. exd5 Nxd5 10. Nxe5 Nxe5 11. Rxe5 c6 12. Re1 Bd6 13. d3 Bf5 14. Qf3
Qh4 15. g3 Qh3 16. Be3 Bxd3 17. Nd2 Qf5 18. a4 Rfe8 19. Bd4 Bf8 20. Rxe8
Rxe8 21. Qxf5 Bxf5 22. axb5 axb5 23. Bxd5 cxd5 24. b4 Bd3 25. Nf1 g6 26.
Ne3 Bc4 27. f3 Bh6 28. Kf2 Bxe3+ 29. Bxe3 d4 30. cxd4 Bd5 31. Ra5 Ra8 32.
Rxb5 Ra2+ 33. Kg1 Bxf3 34. d5 f6 35. Rb8+ Kf7 36. Rb7+ Ke8 37. Rxh7 Bxd5
38. b5 Re2 39. Ba7 Rb2 40. b6 g5 41. g4 Bf7 42. Kf1 Kf8 43. Rh6 Ke7 44. Ke1
Bd5 45. Kd1 Be4 46. Rh3 Ke6 47. Rc3 Ke5 48. h3 Kd4 49. Rc1 Ke5 50. Ra1 Rb3
51. Ra4 Bd5 52. Ra5 Ke6 53. Kc2 Rxh3 54. Rxd5 Kxd5 55. b7 Rh8 56. Kd3 Rh3+
57. Be3 Rh8 58. Ba7 Rh3+ 59. Be3 Rh8 60. Ba7 1/2-1/2

[Event "GCT 2024 - Superbet Chess Classic"]
[Site "Bucarest"]
[Date "02.07.2024"]
[Round "6"]
[White "Abdusattorov, Nodirbek"]
[Black "Giri, Anish"]
[Result "1/2-1/2"]
[WhiteElo "2766"]
[BlackElo "2745"]
[EventDate "2024.06.25"]

1. e4 c5 2. Nf3 d6 3. d4 cxd4 4. Nxd4 Nf6 5. Nc3 a6 6. Qd3 Nbd7 7. a4 g6 8.
Be2 Bg7 9. O-O b6 10. Nc6 Qc7 11. Nb4 Bb7 12. Nbd5 Nxd5 13. Nxd5 Bxd5 14.
exd5 O-O 15. c3 Nc5 16. Qc2 Qb7 17. Be3 b5 18. Bxc5 dxc5 19. Bf3 Rab8 20.
Rfe1 Qc7 21. axb5 axb5 22. Ra6 b4 23. g3 bxc3 24. bxc3 Bf6 25. Kg2 Rb6 26.
Rxb6 Qxb6 27. Rb1 Qc7 28. Qd3 Rb8 29. d6 exd6 30. Ra1 c4 31. Qe3 Qc5 32.
Qxc5 dxc5 33. Ra7 Re8 34. Bd5 Re7 35. Ra3 h5 36. Bxc4 Kg7 37. h3 h4 38. g4
Be5 39. Bd5 c4 40. g5 Bf4 41. Bxc4 Re5 42. Bd3 Bxg5 43. c4 Be7 44. Ra7 Bc5
45. Rc7 Bb6 46. Rc6 Bd4 47. Kf3 Re6 48. Rxe6 fxe6 49. Kg4 Bxf2 50. Kg5 Be3+
51. Kxh4 g5+ 52. Kg4 Kf6 53. Bc2 Bc5 54. Bd3 Bb6 55. Bc2 Ba7 56. Bd3 Bc5
57. Bc2 Bg1 58. Bd3 Bc5 59. Bc2 Be7 60. Bd3 Ke5 61. c5 Kd5 62. c6 Kxc6 63.
Bc4 e5 64. Kf5 Kd6 65. Bb3 Bd8 66. Ba2 Be7 67. Bb3 Bd8 68. Ba2 e4 69. Kxe4
Ba5 70. Kf5 Bd8 71. Bb3 Kc5 72. Kg4 Kd4 73. Ba2 Kc3 74. Be6 Kd2 75. Ba2 Kc1
76. Bd5 Kb2 77. Be6 Kc3 78. Ba2 Kc2 79. Be6 Kc1 80. Ba2 Be7 81. Be6 Kb1 82.
Bd5 Kb2 83. Be6 Kc2 84. Bd5 Kc3 85. Ba2 Kd2 86. Be6 Kc1 87. Bd5 Kd1 88. Be6
Ke1 89. Bd5 Kf2 90. Be6 Ke3 91. Bd5 Kd4 92. Be6 Ke5 93. Ba2 Kf6 94. h4 gxh4
95. Kxh4 1/2-1/2

[Event "GCT 2024 - Superbet Chess Classic"]
[Site "Bucarest"]
[Date "03.07.2024"]
[Round "7"]
[White "Nepomniachtchi, Ian"]
[Black "Praggnanandhaa, Rameshbabu"]
[Result "1/2-1/2"]
[WhiteElo "2770"]
[BlackElo "2747"]
[EventDate "2024.06.25"]

1. e4 e5 2. Nf3 Nc6 3. Bb5 a6 4. Ba4 Nf6 5. O-O Nxe4 6. d4 b5 7. Bb3 d5 8.
dxe5 Be6 9. c3 Be7 10. Bf4 O-O 11. Nd4 Qd7 12. Bc2 f6 13. Nxe6 Qxe6 14.
exf6 Bc5 15. Nd2 Nxf2 16. Qh5 Rxf6 17. Qxh7+ Kf8 18. Nb3 Rxf4 19. Nxc5 Qe3
20. Qh8+ Kf7 21. Qh5+ Kf8 22. Qh8+ Kf7 23. Qh5+ Kf8 24. Qh8+ Kf7 1/2-1/2

[Event "GCT 2024 - Superbet Chess Classic"]
[Site "Bucarest"]
[Date "03.07.2024"]
[Round "7"]
[White "Giri, Anish"]
[Black "Vachier Lagrave, Maxime"]
[Result "1/2-1/2"]
[WhiteElo "2745"]
[BlackElo "2732"]
[EventDate "2024.06.25"]

1. c4 e5 2. d3 Nf6 3. Nf3 Nc6 4. a3 a5 5. Nc3 Be7 6. e4 O-O 7. Be2 d6 8.
Rb1 Bg4 9. Be3 Nd7 10. Nd5 Bxf3 11. Bxf3 a4 12. Bg4 Nc5 13. O-O Nd4 14. f4
c6 15. Bxd4 exd4 16. Nb4 Bf6 17. Qf3 g6 18. Rbe1 Qe7 19. Re2 Bg7 20. Rfe1
Rae8 21. g3 h5 22. Bh3 Qd8 23. Kh1 Kh7 24. Bg2 h4 25. Bh3 Rh8 26. Rf1 Kg8
27. Rg2 hxg3 28. Rxg3 Qh4 29. Qg2 Rh6 30. Bg4 Kh7 31. Rh3 Qf6 32. Qg3 Rxh3
33. Qxh3+ Bh6 34. Qg3 Bg5 35. Qh3+ Bh6 36. Qg3 Bg5 37. Qh3+ Bh6 1/2-1/2

[Event "GCT 2024 - Superbet Chess Classic"]
[Site "Bucarest"]
[Date "03.07.2024"]
[Round "7"]
[White "So, Wesley"]
[Black "Abdusattorov, Nodirbek"]
[Result "1/2-1/2"]
[WhiteElo "2757"]
[BlackElo "2766"]
[EventDate "2024.06.25"]

1. d4 d5 2. c4 dxc4 3. e3 Nf6 4. Bxc4 e6 5. Nf3 a6 6. O-O c5 7. Be2 Nbd7 8.
Nc3 b5 9. d5 exd5 10. Nxd5 Bb7 11. Nxf6+ Qxf6 12. a4 b4 13. e4 h6 14. Qc2
Bd6 15. Be3 O-O 16. Rad1 Rad8 17. Nd2 Bf4 18. Bxf4 Qxf4 19. g3 Qf6 20. a5
Qe7 21. Rc1 f5 22. Bc4+ Kh8 23. Bd5 Bc8 24. exf5 Ne5 25. Be4 Bxf5 26. Qxc5
Qe8 27. f4 Bxe4 28. fxe5 Rxf1+ 29. Rxf1 Bd3 30. Re1 Qe6 31. Qb6 Qd5 32. e6
Bb5 33. e7 Re8 34. Qf2 Bc6 35. Ne4 Qd7 36. Qf8+ Kh7 37. Qf7 Kh8 38. Qf8+
Kh7 39. Qf7 Kh8 40. Nf2 Bb7 41. h4 Bc6 42. Qe6 Qc7 43. Kh2 Bb5 44. Qe5 Qc2
45. Kg1 Qb3 46. Re3 Qc4 47. Kh2 Qf7 48. Nh3 Qf1 49. Re1 Qd3 50. Nf4 Qd2+
51. Kg1 Bc6 52. h5 b3 53. Re2 Qd1+ 54. Kf2 Qh1 55. Ng6+ Kh7 56. Nf8+ Kh8
57. Ng6+ Kh7 58. Qf5 Qh2+ 59. Ke3 Qxg3+ 60. Kd4 Qd6+ 61. Kc3 Qg3+ 62. Kb4
Qd6+ 63. Kc3 Qg3+ 64. Kd2 Qd6+ 65. Kc1 Bb5 66. Nf8+ Kg8 67. Qh7+ Kf7 68.
Qf5+ Kg8 69. Qh7+ Kf7 70. Rf2+ Kxe7 71. Qe4+ Kd8 72. Qa8+ Kc7 73. Rf7+ Re7
74. Qa7+ Kd8 75. Qa8+ Kc7 76. Qa7+ Kd8 77. Rxe7 Qc6+ 78. Kd2 Qc2+ 79. Ke3
Qe2+ 80. Kf4 Qh2+ 81. Ke3 Qg3+ 82. Kd2 Qd3+ 83. Ke1 Qf1+ 84. Kd2 Qd3+ 85.
Ke1 Qf1+ 86. Kd2 Qd3+ 1/2-1/2

[Event "GCT 2024 - Superbet Chess Classic"]
[Site "Bucarest"]
[Date "03.07.2024"]
[Round "7"]
[White "Deac, Bogdan-Daniel"]
[Black "Firouzja, Alireza"]
[Result "1/2-1/2"]
[WhiteElo "2680"]
[BlackElo "2737"]
[EventDate "2024.06.25"]

1. d4 Nf6 2. c4 e6 3. Nc3 Bb4 4. e3 O-O 5. Bd3 c5 6. Nf3 b6 7. O-O Bb7 8.
Na4 cxd4 9. exd4 Re8 10. a3 Bf8 11. b4 d6 12. Nc3 a5 13. Rb1 axb4 14. axb4
e5 15. Be2 Ne4 16. Nxe4 Bxe4 17. Rb2 Nc6 18. Be3 Rc8 19. dxe5 Bxf3 20. Bxf3
Nxe5 21. Bd5 Nxc4 22. Rc2 b5 23. Qe2 Qd7 24. Bxc4 bxc4 25. Rxc4 Rxc4 26.
Qxc4 d5 27. Qb3 Qb5 28. Rd1 Rd8 29. Bd2 d4 30. h3 Qe2 31. Qf3 d3 32. b5 Rb8
33. Qxe2 dxe2 34. Re1 Rxb5 35. Rxe2 f6 36. g3 Kf7 37. Be3 Bc5 38. Bxc5 Rxc5
39. h4 h5 40. Kg2 Ra5 41. Rd2 Rc5 42. Re2 Ra5 43. Rd2 Rc5 44. Re2 Ra5 45.
Rd2 1/2-1/2

[Event "GCT 2024 - Superbet Chess Classic"]
[Site "Bucarest"]
[Date "03.07.2024"]
[Round "7"]
[White "Gukesh, Dommaraju"]
[Black "Caruana, Fabiano"]
[Result "1/2-1/2"]
[WhiteElo "2763"]
[BlackElo "2805"]
[EventDate "2024.06.25"]

1. e4 e5 2. Nf3 Nc6 3. Bc4 Bc5 4. d3 d6 5. a4 a5 6. Nc3 h6 7. Be3 Bb4 8.
O-O Bxc3 9. bxc3 Nf6 10. Nd2 O-O 11. f4 Be6 12. Bb5 Ng4 13. Qe1 Nxe3 14.
Qxe3 exf4 15. Rxf4 Ne5 16. d4 Ng6 17. Rf2 Qg5 18. Nf1 Rad8 19. Rb1 b6 20.
g3 Ne7 21. Qe2 Bg4 22. Qd3 Kh8 23. Ne3 Bh3 24. Qd2 d5 25. exd5 Nxd5 26. Re1
c5 27. Nxd5 Qxd5 28. Rf4 Qd6 29. Qf2 Be6 30. Bd3 Rfe8 31. Rfe4 Rf8 32. Rf4
Rde8 33. Rb1 Rc8 34. Rf1 cxd4 35. cxd4 Bc4 36. Qe3 f6 37. Rb1 Bxd3 38. Qxd3
Qc6 39. d5 Qc5+ 40. Rf2 Rfe8 41. Rb5 Qd6 42. Qd4 Rc5 43. Rxc5 bxc5 44. Qd3
Qd7 45. Rf4 Re5 46. c4 Qxa4 47. Rf1 Qd7 48. Rb1 Re8 49. Qa3 Qe7 50. Rf1 Ra8
51. Qa4 Qe3+ 52. Kg2 Rb8 53. Rf2 Qe4+ 54. Kh3 Rb4 55. Rf4 Qe2 56. Qd7 Rb2
57. Qc8+ Kh7 58. Qf5+ Kg8 59. Qc8+ Kh7 60. Qf5+ Kg8 61. Qc8+ Kh7 62. Qf5+
Kg8 1/2-1/2

[Event "GCT 2024 - Superbet Chess Classic"]
[Site "Bucarest"]
[Date "04.07.2024"]
[Round "8"]
[White "Vachier Lagrave, Maxime"]
[Black "So, Wesley"]
[Result "1/2-1/2"]
[WhiteElo "2732"]
[BlackElo "2757"]
[EventDate "2024.06.25"]

1. e4 e5 2. Nf3 Nc6 3. Bc4 Bc5 4. c3 Nf6 5. d3 d6 6. O-O a5 7. Nbd2 O-O 8.
h3 h6 9. Re1 a4 10. Nf1 Bd7 11. d4 Bb6 12. Ng3 Re8 13. Be3 exd4 14. Nxd4
Ne5 15. Bf1 Ng6 16. Nf3 Nxe4 17. Nxe4 Rxe4 18. Bxb6 Rxe1 19. Nxe1 cxb6 20.
Qxd6 Bc6 21. Rd1 Qg5 22. Qd2 Nf4 23. g3 Ne6 24. Qxg5 Nxg5 25. h4 Nf3+ 26.
Nxf3 Bxf3 27. Rd6 Bc6 28. Bg2 Rc8 29. a3 Kf8 30. Kf1 Ke7 31. Rd4 b5 32. Bh3
Rf8 33. Bf5 Re8 34. Bd3 Kf8 35. h5 Re5 36. Be2 Bg2+ 37. Kxg2 Rxe2 38. Rb4
Re5 39. g4 Rc5 40. f3 f5 41. Kg3 Ke7 42. Rd4 fxg4 43. fxg4 Re5 44. Kf4 Rg5
45. Rd1 Rc5 46. Rd4 Rg5 47. Rd1 Rc5 48. Rd4 Rg5 1/2-1/2

[Event "GCT 2024 - Superbet Chess Classic"]
[Site "Bucarest"]
[Date "04.07.2024"]
[Round "8"]
[White "Gukesh, Dommaraju"]
[Black "Giri, Anish"]
[Result "1/2-1/2"]
[WhiteElo "2763"]
[BlackElo "2745"]
[EventDate "2024.06.25"]

1. d4 Nf6 2. c4 e6 3. Nc3 Bb4 4. e3 O-O 5. Bd3 d5 6. a3 Bxc3+ 7. bxc3 dxc4
8. Bxc4 c5 9. Ne2 Qc7 10. Bd3 Nc6 11. f4 b6 12. O-O Bb7 13. Ng3 Ne7 14. e4
cxd4 15. cxd4 Qc3 16. Ra2 Qxd4+ 17. Kh1 Rad8 18. Rd2 Qe3 19. Rf3 Qc5 20.
Bb2 Ng6 21. h3 Rfe8 22. Rc2 Qe7 23. Qe1 Nh4 24. Re3 Rc8 25. Rxc8 Rxc8 26.
Bf1 h6 27. Qd2 Rd8 28. Qe1 Rc8 29. Qd2 Rd8 30. Qe1 Rc8 1/2-1/2

[Event "GCT 2024 - Superbet Chess Classic"]
[Site "Bucarest"]
[Date "04.07.2024"]
[Round "8"]
[White "Abdusattorov, Nodirbek"]
[Black "Deac, Bogdan-Daniel"]
[Result "1/2-1/2"]
[WhiteElo "2766"]
[BlackElo "2680"]
[EventDate "2024.06.25"]

1. e4 e5 2. Nf3 Nc6 3. Bb5 a6 4. Ba4 Nf6 5. O-O Nxe4 6. d4 b5 7. Bb3 d5 8.
dxe5 Be6 9. Be3 Be7 10. c3 O-O 11. Qe2 f6 12. exf6 Bxf6 13. Rd1 Na5 14. Bc2
Qe7 15. Nbd2 Nxd2 16. Nxd2 Rfe8 17. Re1 Qf7 18. Qf3 Be5 19. Qd1 Bf6 20. Nb3
Nc4 21. Nc5 g6 22. Rb1 Nxe3 23. Rxe3 c6 24. a4 Bg5 25. Re1 Bf5 26. Bxf5
Qxf5 27. Ra1 Be7 28. Nb3 b4 29. Nd4 Qd7 30. Qd3 bxc3 31. bxc3 Bf6 32. Rxe8+
Qxe8 33. g3 c5 34. Nb3 Qc6 35. Qf3 Rf8 36. Qe3 Re8 37. Qxc5 Qxc5 38. Nxc5
Bxc3 39. Rd1 d4 40. Nxa6 Ra8 41. Nc5 Ra5 42. Nd3 Rxa4 43. Rb1 Ra2 44. Rb8+
Kg7 45. Rb7+ Kg8 46. Kg2 Rd2 47. Nc5 Rd1 48. Ne4 h6 49. Kf3 Kf8 50. h4 Ba5
51. Rb5 Ra1 52. Nc5 Ra3+ 53. Ke4 Be1 54. Nd3 Ra2 55. Kf3 Ra3 56. Ke4 Ra2
57. Rb1 Bc3 58. Rb6 Kg7 59. g4 Be1 60. Rb7+ Kg8 61. Kf3 Ra3 62. Ke2 Ba5 63.
Rd7 Ra2+ 64. Kf3 Bc3 65. Rb7 Ra3 66. Ke4 Ra2 67. Rb8+ Kh7 68. Rb6 Be1 69.
Rb7+ Kg8 70. Kf3 Bc3 71. Rb6 Kh7 72. Re6 Ra3 73. Kg2 Bd2 74. Ne5 g5 75. h5
Bf4 76. Ng6 Bc1 77. Ne7 d3 78. Nf5 Bf4 79. Rxh6+ Kg8 80. Rg6+ Kh8 81. Rh6+
Kg8 82. Rg6+ Kh8 83. Rh6+ Kg8 1/2-1/2

[Event "GCT 2024 - Superbet Chess Classic"]
[Site "Bucarest"]
[Date "05.07.2024"]
[Round "9"]
[White "Deac, Bogdan-Daniel"]
[Black "Vachier Lagrave, Maxime"]
[Result "1/2-1/2"]
[WhiteElo "2680"]
[BlackElo "2732"]
[EventDate "2024.06.25"]

1. Nf3 d5 2. d4 Nf6 3. c4 c5 4. cxd5 cxd4 5. Nxd4 Nxd5 6. Nf3 Nc6 7. e4
Ndb4 8. a3 Qxd1+ 9. Kxd1 Na6 10. Be3 g6 11. Nd4 Bd7 12. Nc3 Bg7 13. Nxc6
Bxc6 14. Bb5 Nb8 15. Rc1 O-O 16. Kc2 Rc8 17. Bxc6 Nxc6 18. Kb1 Bd4 19. Nd5
Bxe3 20. Nxe3 f6 21. Rhd1 Kf7 22. Rc3 Rd8 23. Kc1 Rxd1+ 24. Kxd1 Rd8+ 25.
Ke1 Rd7 26. f3 h5 27. Ke2 Nd4+ 28. Kf1 Nc6 29. Ke2 Nd4+ 30. Kf1 Nc6 31. Ke2
1/2-1/2

[Event "GCT 2024 - Superbet Chess Classic"]
[Site "Bucarest"]
[Date "05.07.2024"]
[Round "9"]
[White "Nepomniachtchi, Ian"]
[Black "Abdusattorov, Nodirbek"]
[Result "1/2-1/2"]
[WhiteElo "2770"]
[BlackElo "2766"]
[EventDate "2024.06.25"]

1. c4 e6 2. Nc3 d5 3. d4 Be7 4. Nf3 Nf6 5. Bf4 O-O 6. e3 Nbd7 7. c5 Nh5 8.
Be2 Nxf4 9. exf4 b6 10. b4 a5 11. a3 c6 12. O-O Qc7 13. g3 Bf6 14. Qc2 Ba6
15. Rab1 Bxe2 16. Nxe2 axb4 17. axb4 Ra3 18. Kg2 Rfa8 19. Rfc1 b5 20. h4 h5
21. Ne5 Nf8 22. Qd1 Nd7 23. Ra1 Nb8 24. Ng1 g6 25. Ngf3 R3a4 26. Qe1 Kg7
27. Ng5 Bxe5 28. fxe5 Nd7 29. Rxa4 bxa4 30. Rc3 a3 31. Qc1 Qa7 32. Rf3 Nf8
33. Qf4 Qe7 34. Qc1 Qa7 35. Qf4 Qe7 36. Qc1 Qa7 37. Qf4 Qe7 1/2-1/2

[Event "GCT 2024 - Superbet Chess Classic"]
[Site "Bucarest"]
[Date "05.07.2024"]
[Round "9"]
[White "Giri, Anish"]
[Black "Caruana, Fabiano"]
[Result "1-0"]
[WhiteElo "2745"]
[BlackElo "2805"]
[EventDate "2024.06.25"]

1. d4 Nf6 2. c4 e6 3. g3 d5 4. Bg2 Bb4+ 5. Nd2 O-O 6. Ngf3 b6 7. O-O Bb7 8.
b3 Nbd7 9. Bb2 Qe7 10. a3 Bd6 11. Nh4 g6 12. b4 c5 13. bxc5 bxc5 14. cxd5
exd5 15. dxc5 Nxc5 16. Nb3 Nfe4 17. Na5 Rab8 18. Qd4 f6 19. Nxb7 Qxb7 20.
Qd1 Qxb2 21. Qxd5+ Kg7 22. Bxe4 Rbd8 23. Ra2 Qe5 24. Qxe5 Bxe5 25. Bg2 f5
26. Nf3 Bf6 27. Rc2 Ne4 28. Rfc1 Rf7 29. Ne1 Re7 30. Nd3 Rdd7 31. Bxe4 fxe4
32. Nc5 Rd6 33. e3 Rc6 34. a4 Kh6 35. Nb3 Rb6 36. Nd2 Rbe6 37. Rc6 a5 38.
Rxe6 Rxe6 39. Rc4 Rb6 40. Nxe4 Be7 41. Rc7 Re6 42. Nd2 g5 43. Nb3 Bb4 44.
Nd4 Re5 45. g4 Kg6 46. Kg2 Rd5 47. Kf3 Rd8 48. Rc6+ Kf7 49. Ne6 Rd5 50. Ke4
Rd2 51. Nxg5+ Ke7 52. f4 Ra2 53. Kd5 Rxa4 54. Rc7+ Ke8 55. Ke6 Kd8 56. Rc4
1-0

[Event "GCT 2024 - Superbet Chess Classic"]
[Site "Bucarest"]
[Date "05.07.2024"]
[Round "9"]
[White "Praggnanandhaa, Rameshbabu"]
[Black "Firouzja, Alireza"]
[Result "1/2-1/2"]
[WhiteElo "2747"]
[BlackElo "2737"]
[EventDate "2024.06.25"]

1. e4 c5 2. Nf3 d6 3. d4 cxd4 4. Nxd4 Nf6 5. Nc3 a6 6. Be2 e5 7. Nb3 Be7 8.
h4 h6 9. Be3 Be6 10. Qd3 Nc6 11. a3 Na5 12. Nd2 d5 13. exd5 Nxd5 14. O-O-O
Nxe3 15. Qxe3 Qc7 16. Nde4 Rc8 17. g4 Nc6 18. Kb1 Nd4 19. f4 Nxe2 20. Qxe2
exf4 21. g5 Kf8 22. Qf2 Rd8 23. Rdf1 Bf5 24. Rhg1 g6 25. Qxf4 Qxf4 26. Rxf4
hxg5 27. hxg5 Rd4 28. Rgf1 Rh2 29. Rxf5 gxf5 30. Rxf5 Rg2 31. Re5 Rg4 32.
Ka2 b6 33. b4 Rc4 34. Kb2 b5 35. Nf6 Bxf6 36. gxf6 Rgf4 37. Nd5 Rf2 38. Ne3
Rc6 39. Rh5 Rfxf6 40. Nf5 Ke8 41. Nd4 Rc4 42. c3 Rg6 43. Rh3 Rc7 44. Kb3
Re7 45. a4 Re5 46. axb5 axb5 47. Rh8+ Ke7 48. Rb8 f5 49. Rb7+ Kf6 50. Nxb5
f4 51. Nd4 Rg3 52. Rb8 Kf7 53. Rb7+ Re7 54. Rb5 Kg6 55. Rb6+ Kf7 56. Rh6
Ree3 57. Rh4 Rxc3+ 58. Kb2 Kf6 59. Rxf4+ Ke5 60. Rh4 Rc8 61. Nb5 Rb8 62.
Nc3 Rc8 63. Rh5+ Ke6 64. Rc5 Rxc5 65. bxc5 Rg5 66. Kb3 Rxc5 67. Kb4 Rxc3
68. Kxc3 1/2-1/2

[Event "GCT 2024 - Superbet Chess Classic"]
[Site "Bucarest"]
[Date "05.07.2024"]
[Round "9"]
[White "So, Wesley"]
[Black "Gukesh, Dommaraju"]
[Result "1/2-1/2"]
[WhiteElo "2757"]
[BlackElo "2763"]
[EventDate "2024.06.25"]

1. d4 Nf6 2. c4 e6 3. Nc3 Bb4 4. e3 O-O 5. Bd3 d5 6. Nf3 dxc4 7. Bxc4 b6 8.
a3 Bxc3+ 9. bxc3 Bb7 10. O-O Qe7 11. a4 c5 12. a5 Qc7 13. axb6 axb6 14.
Rxa8 Bxa8 15. Qe2 Nbd7 16. Bb2 Bc6 17. Ra1 Qb7 18. Ba6 Qc7 19. Bd3 Qb7 20.
Ba6 Qc7 21. Bd3 Qb7 22. Ba6 1/2-1/2